000
00329nam a2200133Ia 4500
008
260604s9999 xx 000 0 und d
020
_a
9781788823784
082
_a
158.1 HAH
100
_a
Carmen hahn & chris kelly
_9
35678
245
0
_a
Organizational Psychology
260
_b
Ed-Tech Press
500
_a
Psychology
942
_c
BK
999
_c
8502
_d
8502